Manufacturing orders fall (Record no. 72563)

MARC details
000 -LEADER
fixed length control field 01060cam a2200217 4500
001 - CONTROL NUMBER
control field WB3916-06
008 - FIXED-LENGTH DATA ELEMENTS--GENERAL INFORMATION
fixed length control field 030429n2003 000 0 eng u
035 ## - SYSTEM CONTROL NUMBER
System control number (Sirsi) u122112
245 ## - TITLE STATEMENT
Title Manufacturing orders fall
260 ## - PUBLICATION, DISTRIBUTION, ETC.
Date of publication, distribution, etc. 2003
490 ## - SERIES STATEMENT
Series statement CBI News Release
Volume/sequential designation 28 April 2003, (3)
520 ## - SUMMARY, ETC.
Summary, etc. Quarterly Industry Trends Survey published by the CBI shows a decline in orders along with a fall in domestic demand. Total orders were down more than expected with 37% of firms reporting a fall while 16% reported a rise and with orders expected to continue the downward trend. CBI Director-General stressed that a recession was not predicted but another interest cut is needed as inflation is so subdued. For the CBI Press Release: http://www.cbi.org.uk/ndbs/press.nsf/0363c1f07c6ca12a8025671c00381cc7/bc75520a44a7ed9f80256d11003b7c66?OpenDocument
590 ## - LOCAL NOTE (RLIN)
Local note WB
650 ## - SUBJECT ADDED ENTRY--TOPICAL TERM
Topical term or geographic name entry element CBI SURVEY
650 ## - SUBJECT ADDED ENTRY--TOPICAL TERM
Topical term or geographic name entry element ECONOMIC OUTLOOK
650 ## - SUBJECT ADDED ENTRY--TOPICAL TERM
Topical term or geographic name entry element ORDERS
650 ## - SUBJECT ADDED ENTRY--TOPICAL TERM
Topical term or geographic name entry element EXPORT ORDERS
650 ## - SUBJECT ADDED ENTRY--TOPICAL TERM
Topical term or geographic name entry element CONSUMER SPENDING
690 ## - LOCAL SUBJECT ADDED ENTRY--TOPICAL TERM (OCLC, RLIN)
Topical term or geographic name as entry element ECONOMIC ISSUES
942 ## - ADDED ENTRY ELEMENTS (KOHA)
Suppress in OPAC 0
Holdings
Withdrawn status Lost status Source of classification or shelving scheme Damaged status Not for loan Home library Current library Shelving location Date acquired Total Checkouts Full call number Barcode Date last seen Copy number Price effective from Koha item type
    Dewey Decimal Classification     London London News article 29/04/2003   WB3916-06 122112-1001 06/08/2019 1 06/08/2019 News article